<?xml version="1.0" encoding="UTF-8"?><?xml-stylesheet type="text/xsl" href="static/style.xsl"?><OAI-PMH xmlns="http://www.openarchives.org/OAI/2.0/" xmlns:xsi="http://www.w3.org/2001/XMLSchema-instance" xsi:schemaLocation="http://www.openarchives.org/OAI/2.0/ http://www.openarchives.org/OAI/2.0/OAI-PMH.xsd"><responseDate>2026-04-13T01:53:43Z</responseDate><request verb="GetRecord" identifier="oai:www.recercat.cat:10459.1/467407" metadataPrefix="marc">https://recercat.cat/oai/request</request><GetRecord><record><header><identifier>oai:recercat.cat:10459.1/467407</identifier><datestamp>2025-09-15T18:48:28Z</datestamp><setSpec>com_2072_3622</setSpec><setSpec>col_2072_479130</setSpec></header><metadata><record xmlns="http://www.loc.gov/MARC21/slim" xmlns:dcterms="http://purl.org/dc/terms/" xmlns:xsi="http://www.w3.org/2001/XMLSchema-instance" xmlns:doc="http://www.lyncode.com/xoai" xsi:schemaLocation="http://www.loc.gov/MARC21/slim http://www.loc.gov/standards/marcxml/schema/MARC21slim.xsd">
   <leader>00925njm 22002777a 4500</leader>
   <datafield ind2=" " ind1=" " tag="042">
      <subfield code="a">dc</subfield>
   </datafield>
   <datafield ind2=" " ind1=" " tag="720">
      <subfield code="a">Viceconte, Milena</subfield>
      <subfield code="e">author</subfield>
   </datafield>
   <datafield ind2=" " ind1=" " tag="260">
      <subfield code="c">2023-07-05</subfield>
   </datafield>
   <datafield ind2=" " ind1=" " tag="520">
      <subfield code="a">El presente artículo tiene como objetivo examinar la iconografía de San Emigdio en el contexto colonial, a través del estudio de los grabados que aparecen en algunos novenarios que se publicaron en la capital de México y las ciudades de Puebla de los Ángeles, Guatemala y Oaxaca. Estos impresos son sumamente interesantes, puesto que brindan información acerca de las circunstancias que fomentaron el culto hacia este santo como protector contra los temblores. El análisis de los testimonios gráficos que se han podido localizar, como puede ser el grabado firmado por el artista poblano José de Nava, permite observar de qué modo algunas imágenes presentan similitudes con la iconografía emigdiana que se desarrolló en el contexto español, según la cual el santo aparece en una nube por sobre dos calamidades que azotan una ciudad —devastada por un terremoto— y el mar —con embarcaciones amenazadas por una tormenta—.</subfield>
   </datafield>
   <datafield ind2=" " ind1=" " tag="520">
      <subfield code="a">This article aims to explore the iconography of St Emygdius in the colonial context, through the analysis of some devotional engravings published in the capital city of Mexico, in Puebla de los Ángeles, Guatemala, and Oaxaca, as visual complements of the devotional texts (novenarios) dedicated to this saint. These printed sources are quite interesting, as they provide information on the circumstances that fostered his devotion for protection against earthquakes. The engravings, such as the ones produced by artist José de Nava, from Puebla, suggest a close connection with the iconography of the saint, developed in Spain. The engravings show St Emygdius on a cloud over two
disasters depicted: a city devastated by an earthquake, and boats menaced by a sea storm.</subfield>
   </datafield>
   <datafield ind2=" " ind1=" " tag="520">
      <subfield code="a">Este trabajo se realizó con el apoyo del proyecto de investigación ERC Dis-ComPoSE - Disasters, Communication and Politics in Southwestern Europe (European Union’s Horizon 2020 Research and Innovation Programme, grant agreement 759829).</subfield>
   </datafield>
   <datafield tag="653" ind2=" " ind1=" ">
      <subfield code="a">Grabado devocional</subfield>
   </datafield>
   <datafield tag="653" ind2=" " ind1=" ">
      <subfield code="a">Iconografía</subfield>
   </datafield>
   <datafield tag="653" ind2=" " ind1=" ">
      <subfield code="a">San Emigdio</subfield>
   </datafield>
   <datafield tag="653" ind2=" " ind1=" ">
      <subfield code="a">Santo patrono</subfield>
   </datafield>
   <datafield tag="653" ind2=" " ind1=" ">
      <subfield code="a">Temblores</subfield>
   </datafield>
   <datafield tag="653" ind2=" " ind1=" ">
      <subfield code="a">Devotional engravings</subfield>
   </datafield>
   <datafield tag="653" ind2=" " ind1=" ">
      <subfield code="a">Earthquakes</subfield>
   </datafield>
   <datafield tag="653" ind2=" " ind1=" ">
      <subfield code="a">Iconography</subfield>
   </datafield>
   <datafield tag="653" ind2=" " ind1=" ">
      <subfield code="a">Saint patron</subfield>
   </datafield>
   <datafield tag="653" ind2=" " ind1=" ">
      <subfield code="a">St Emygdius</subfield>
   </datafield>
   <datafield ind2="0" ind1="0" tag="245">
      <subfield code="a">La iconografía novohispana de San Emigdio, abogado contra los temblores</subfield>
   </datafield>
   <datafield ind2="0" ind1="0" tag="245">
      <subfield code="a">The Novohispanic Iconography of Saint Emygdius, Patron Saint Against Earthquakes</subfield>
   </datafield>
</record></metadata></record></GetRecord></OAI-PMH>